000 01000cam a2200361Ma 4500
001 75693
005 20230410105312.0
008 071212s2007 fr a b 000 0 fre d
035 _a(OCoLC)ocn300408818
040 _aRUQBL
_bfre
_cRUQBL
_dFRBML
_dBDF
020 _a9782707149527
020 _a2707149527
029 1 _aZWZ
_b114769621
035 _a(OCoLC)300408818
082 1 4 _a332.4
_22a
050 1 4 _aH 61
_bR425
100 1 _aBordes, Christian.
245 1 3 _aLa politique monétaire /
_cChristian Bordes.
260 _aParis :
_bLa Découverte,
_cc2007.
300 _a122 p.
490 1 _aCollection Reperes;
_vn. 479
504 _aBibliogr.: [113]-117.
650 6 _aPolitique monétaire.
650 6 _aBanques centrales.
650 4 _aPolitique monétaire.
650 7 _aPolitique monétaire.
_2ram
650 7 _aBanques centrales.
_2ram
730 0 _aCollection Reperes
830 0 _aReperes / économie
942 _2lcc
_cbk
946 _amjcruz
994 _aC0
_bDRFGD
999 _c33974
_d33974